<?xml version="1.0" encoding="UTF-8"?><?xml-stylesheet type="text/xsl" href="static/style.xsl"?><OAI-PMH xmlns="http://www.openarchives.org/OAI/2.0/" xmlns:xsi="http://www.w3.org/2001/XMLSchema-instance" xsi:schemaLocation="http://www.openarchives.org/OAI/2.0/ http://www.openarchives.org/OAI/2.0/OAI-PMH.xsd"><responseDate>2026-06-01T23:28:00Z</responseDate><request verb="GetRecord" identifier="oai:riuma.uma.es:10630/19245" metadataPrefix="marc">https://riuma.uma.es/rest/oai/request</request><GetRecord><record><header><identifier>oai:riuma.uma.es:10630/19245</identifier><datestamp>2026-02-03T11:59:33Z</datestamp><setSpec>com_10630_2254</setSpec><setSpec>col_10630_37959</setSpec></header><metadata><record xmlns="http://www.loc.gov/MARC21/slim" xmlns:dcterms="http://purl.org/dc/terms/" xmlns:doc="http://www.lyncode.com/xoai" xmlns:xsi="http://www.w3.org/2001/XMLSchema-instance" xsi:schemaLocation="http://www.loc.gov/MARC21/slim http://www.loc.gov/standards/marcxml/schema/MARC21slim.xsd">
   <leader>00925njm 22002777a 4500</leader>
   <datafield ind2=" " ind1=" " tag="042">
      <subfield code="a">dc</subfield>
   </datafield>
   <datafield ind2=" " ind1=" " tag="720">
      <subfield code="a">García-Ruiz, Carmen Rosa</subfield>
      <subfield code="e">author</subfield>
   </datafield>
   <datafield ind2=" " ind1=" " tag="720">
      <subfield code="a">González-Milea, Arasy</subfield>
      <subfield code="e">author</subfield>
   </datafield>
   <datafield ind2=" " ind1=" " tag="260">
      <subfield code="c">2020-02-04</subfield>
   </datafield>
   <datafield ind2=" " ind1=" " tag="520">
      <subfield code="a">La investigación, que se encuentra en proceso de desarrollo en la Universidad de Málaga, se llevará a cabo con un grupo de alumnas y alumnos del Grado de Educación infantil, concretamente de la asignatura de Didáctica de las Ciencias Sociales para la Educación Infantil del curso académico 2019/2020. &#xd;
Buscamos analizar cómo las futuras y futuros docentes de Educación Infantil diseñan herramientas valiosas para el desarrollo de una Literacidad Crítica desde edades tempranas en las aulas a partir del recibimiento de una formación para repensar el conocimiento social y fomentar el pensamiento crítico en el marco de las Ciencias Sociales.&#xd;
Esta investigación cualitativa que asume un enfoque de Estudio de Caso se desarrollará en dos fases, en la primera se impartirán talleres de formación con las futuras y futuros docentes sobre qué es la Literacidad Crítica y sus dimensiones, qué herramientas se utilizan en Educación Infantil para desarrollarla y cómo diseñar experiencias educativas para niños y niñas basadas en estos principios.&#xd;
Trabajos previos en el área dejan constancia de que los docentes en formación tienen especial dificultad en analizar el conocimiento social y una de las principales consecuencias es la ausencia de la dimensión crítica del pensamiento a la hora de ofrecer propuestas pedagógicas a niños y niñas.&#xd;
Al encontrarnos en fase diseño, no podemos presentar resultados aún, por lo que el presente trabajo muestra los avances del diseño de talleres de formación.&#xd;
&#xd;
Rogers,  R. y Mosley,  M.  (2014). Designing Critical  Literacy Education through  Critical Discourse Analysis. Pedagogical and Research Tools for Teacher Researchers. New York: Routledge.&#xd;
Huh, S. y Suh, Y. (2015). Becoming critical readers of graphic novels: Bringing graphic novels into Korean elementary literacy lessons. English Teaching, 70(1), 123-149.</subfield>
   </datafield>
   <datafield ind1="8" ind2=" " tag="024">
      <subfield code="a">https://hdl.handle.net/10630/19245</subfield>
   </datafield>
   <datafield tag="653" ind2=" " ind1=" ">
      <subfield code="a">Didáctica de las Ciencias Sociales</subfield>
   </datafield>
   <datafield tag="653" ind2=" " ind1=" ">
      <subfield code="a">Ciencias sociales-Estudio y enseñanza</subfield>
   </datafield>
   <datafield ind2="0" ind1="0" tag="245">
      <subfield code="a">Conocimiento Social y Literacidad Crítica en el Grado de Educación Infantil</subfield>
   </datafield>
</record>
</metadata></record></GetRecord></OAI-PMH>